Normal view
MARC view
- Dianov, Anton.
Entry Personal Name
001 - CONTROL NUMBER
- control field: 54681
003 - CONTROL NUMBER IDENTIFIER
- control field: OSt
005 - DATE AND TIME OF LATEST TRANSACTION
- control field: 20240314131806.0
008 - FIXED-LENGTH DATA ELEMENTS
- fixed length control field: 240314|| aca||aabn | a|a d
040 ## - CATALOGING SOURCE
- Original cataloging agency: OSt
- Transcribing agency: OSt
100 ## - HEADING--PERSONAL NAME
- Personal name: Dianov, Anton.
- Relator term: author.
670 ## - SOURCE DATA FOUND
- Source citation: Work cat.: (OSt): Dianov, Anton. author., Highly efficient sensorless multicontrol mode compression IPMSM drive with seamless transitions /, August 2022.
